| 000 | 00785nam a2200265 a 4500 | ||
|---|---|---|---|
| 001 | BD-DhNSU-30982 | ||
| 003 | BD-DhNSU | ||
| 005 | 20260429153036.0 | ||
| 008 | 260429s1996 bg ||||g vw|| 001 0|eng d | ||
| 040 |
_aDLC _cBD-DhNSU _dBD-DhNSU |
||
| 041 | _aeng | ||
| 050 | 0 | 0 |
_aKNG19 _b.A2B36 1996 |
| 245 | 0 | 0 |
_aBangladesh legal decisions , _nVol. 16 / _cedited by Gour Gopal Saha. |
| 246 |
_aBLD _bVolume XVI |
||
| 260 |
_aDhaka : _bBangladesh Bar Council, _c1996. |
||
| 300 |
_avp ; _c25 cm. |
||
| 500 | _aDec- 96 Reg. No.. 513 | ||
| 526 | _aLaw | ||
| 590 | _aSumaiya Kainat Bintey Kohinoor | ||
| 650 | 0 |
_aLaw reports digests etc _zBangladesh. |
|
| 650 | 4 | _aLaw reports digests etc | |
| 700 | 1 |
_aSaha, Gour Gopal _eeditor |
|
| 710 | _aBangladesh Bar Council. | ||
| 942 |
_2lcc _cBK |
||
| 999 |
_c30982 _d30982 |
||